| 000 | 00000nas##2200000za#4500 |
| 001 | 9.508961 |
| 003 | CaOODSP |
| 005 | 20200331213901 |
| 007 | ta |
| 008 | 150406c1998||||xxc|| m #||||f| |0fre|d |
| 040 | |aCaOODSP|bfre |
| 041 | |aeng |
| 041 | |afre |
| 043 | |an-cn--- |
| 086 | 1 |aBT31-2/1999-III |
| 110 | 1 |aCanada. |bConseil du trésor. |
| 245 | 10|aBudget des dépenses 1998-1999, partie III: Rapport sur les plans et les priorités |
| 260 | |aOttawa - Ontario : |bSecrétariat du Conseil du Trésor du Canada |
| 500 | |aN.B.: Le numéro ISBN (0-660-60454-1) imprimé dans cette publication est incorrect. |
| 546 | |aBilingue |
| 563 | |aCouverture souple |
| 776 | 0#|tBudget des dépenses 1998-1999. Partie III, Rapport sur les plans et les priorités |w(CaOODSP)9.502118 |
| 776 | 0#|t1998-99 estimates. Part III, Report on plans and priorities |w(CaOODSP)9.505714 |
| 791 | |t1998-99 estimates, part III: Report on plans and priorities |eeng|w(CaOODSP)9.508960 |